Normal view
MARC view
Entry Personal Name
001 - CONTROL NUMBER
- control field: 52805
003 - CONTROL NUMBER IDENTIFIER
- control field: dpl
005 - DATE AND TIME OF LATEST TRANSACTION
- control field: 20121003154806.0
008 - FIXED-LENGTH DATA ELEMENTS
- fixed length control field: 121003|||a|||||| | ||| d
040 ## - CATALOGING SOURCE
- Original cataloging agency: dpl
- Transcribing agency: dpl
100 ## - HEADING--PERSONAL NAME
- Personal name: بھا ر تی جگں نا تھں
670 ## - SOURCE DATA FOUND
- Source citation: Work cat.: (dpl): بھا ر تی جگں نا تھں, سمير ا چلی کچھ خر يد نے, 2009
670 ## - SOURCE DATA FOUND
- Source citation: Work cat.: (dpl): بھا ر تی جگں نا تھں, سمير ا چلی کچھ خر يد نے, 2009
